Wanita ideal menurut al-Qur'an dan al-sunnah / (Record no. 762)

000 -LEADER
fixed length control field nam a22 a 4500
001 - CONTROL NUMBER
control field vtls000264521
003 - CONTROL NUMBER IDENTIFIER
control field PNM
005 - DATE AND TIME OF LATEST TRANSACTION
control field 20170505093525.0
008 - FIXED-LENGTH DATA ELEMENTS--GENERAL INFORMATION
fixed length control field 170505s1997 my 00 may d
020 ## - INTERNATIONAL STANDARD BOOK NUMBER
International Standard Book Number 9839435175 (kkt.):
Terms of availability RM 13.00
040 ## - CATALOGING SOURCE
Original cataloging agency AKMAL
082 04 - DEWEY DECIMAL CLASSIFICATION NUMBER
Classification number 297.082 MUH
090 00 - LOCALLY ASSIGNED LC-TYPE CALL NUMBER (OCLC); LOCAL CALL NUMBER (RLIN)
Classification number (OCLC) (R) ; Classification number, CALL (RLIN) (NR) 297.082
Local cutter number (OCLC) ; Book number/undivided call number, CALL (RLIN) MUH
100 0# - MAIN ENTRY--PERSONAL NAME
Personal name Muhammad Imran
9 (RLIN) 1653
245 10 - TITLE STATEMENT
Title Wanita ideal menurut al-Qur'an dan al-sunnah /
Statement of responsibility, etc. Muhammad Imran ; terjemahan Fathilah Mohd. Alipah
260 ## - PUBLICATION, DISTRIBUTION, ETC.
Place of publication, distribution, etc. Bandar Baru Bangi, Selangor :
Name of publisher, distributor, etc. Syabab Pub. House,
Date of publication, distribution, etc. 1997
300 00 - PHYSICAL DESCRIPTION
Extent vi, 188ms. ;
Dimensions 23cm
500 ## - GENERAL NOTE
General note Mengandungi indeks
500 ## - GENERAL NOTE
General note Mengandungi ayat-ayat dari Quran
500 ## - GENERAL NOTE
General note Terjemahan dari : Ideal women in Islam
650 #0 - SUBJECT ADDED ENTRY--TOPICAL TERM
Topical term or geographic name entry element Women in Islam
9 (RLIN) 1654
650 #0 - SUBJECT ADDED ENTRY--TOPICAL TERM
Topical term or geographic name entry element Muslim women
General subdivision Conduct of life
9 (RLIN) 1655
700 0# - ADDED ENTRY--PERSONAL NAME
Personal name Fathilah Mohd. Alipah,
Relator term ptrj.
9 (RLIN) 1656
942 ## - ADDED ENTRY ELEMENTS (KOHA)
Source of classification or shelving scheme
Koha item type Book
Holdings
Withdrawn status Lost status Source of classification or shelving scheme Damaged status Not for loan Collection code Home library Current library Shelving location Date acquired Inventory number Total Checkouts Full call number Barcode Date last seen Price effective from Koha item type
          NON-FICTION AKMAL Melaka AKMAL Melaka PINJAMAN 05.05.2017 200617   297.082 MUH 201701749 05.05.2017 05.05.2017 Book
Pusat Sumber Maklumat Dato' Haji Sarmin Md Hussin, Akademi Kastam Diraja Malaysia, Melaka
Tel: 06-2331106 | Faks: 06-2313787